LEADER 01768nas 2200553-a 450 001 996207128803316 005 20240413030023.0 035 $a(CKB)991042732817534 035 $a(CONSER)---97641997- 035 $a(EXLCZ)99991042732817534 100 $a19960813b19962011 --- a 101 0 $aeng 181 $ctxt$2rdacontent 182 $cc$2rdamedia 183 $acr$2rdacarrier 200 00$aDV 210 $aSan Francisco, CA $cActiveMedia, Inc.$d1996- 215 $a1 online resource 300 $aTitle from cover. 300 $aPublisher: Miller Freeman, Sept. 1996-; CMP Media, <2001-> 311 $aPrint version: DV. (DLC) 97641997 (OCoLC)35232231 1541-0943 517 3 $aDigital video 517 1 $aDV magazine 531 $aDV 531 0 $aDV 606 $aVideo tapes$xEditing$xData processing$vPeriodicals 606 $aComputer animation$vPeriodicals 606 $aMultimedia systems$vPeriodicals 606 $aDigital video$vPeriodicals 606 $aComputer animation$2fast$3(OCoLC)fst00872015 606 $aDigital video$2fast$3(OCoLC)fst00893738 606 $aMultimedia systems$2fast$3(OCoLC)fst01028920 606 $aVideo tapes$xEditing$xData processing$2fast$3(OCoLC)fst01166544 608 $aPeriodicals.$2fast 608 $aPeriodicals.$2lcgft 615 0$aVideo tapes$xEditing$xData processing 615 0$aComputer animation 615 0$aMultimedia systems 615 0$aDigital video 615 7$aComputer animation. 615 7$aDigital video. 615 7$aMultimedia systems. 615 7$aVideo tapes$xEditing$xData processing. 676 $a778.59 906 $aJOURNAL 912 $a996207128803316 920 $aexl_impl conversion 996 $aDV$92348421 997 $aUNISA LEADER 02856oas 2201081 a 450 001 9910142659803321 005 20260317213012.0 011 $a1572-8455 035 $a(DE-599)ZDB2015451-3 035 $a(DE-599)2015451-3 035 $a(OCoLC)44506960 035 $a(CONSER) 2007233919 035 $a(CKB)954927383312 035 $a(EXLCZ)99954927383312 100 $a20000629a19939999 sy 101 0 $aeng 135 $aurmnu|||||||| 181 $ctxt$2rdacontent 182 $cc$2rdamedia 183 $acr$2rdacarrier 200 10$aFeminist legal studies 210 $a[Dordrecht] $cKluwer Academic Publishers 210 3 $a[Dordrecht] $cSpringer Netherlands 215 $a1 online resource 300 $aRefereed/Peer-reviewed 311 08$a0966-3622 606 $aFeminist jurisprudence$vPeriodicals 606 $aWomen$xLegal status, laws, etc$vPeriodicals 606 $aSex and law$vPeriodicals 606 $aFeminism$vPeriodicals 606 $aFe?minisme et droit$vPe?riodiques 606 $aFemmes$xDroit$vPe?riodiques 606 $aSexualite? et droit$vPe?riodiques 606 $aFe?minisme$vPe?riodiques 606 $aFeminism$2fast$3(OCoLC)fst00922671 606 $aFeminist jurisprudence$2fast$3(OCoLC)fst00922778 606 $aSex and law$2fast$3(OCoLC)fst01114252 606 $aWomen$xLegal status, laws, etc$2fast$3(OCoLC)fst01176824 606 $aFeminisme$2thub 606 $aDones$2thub 606 $aSituació legal$2thub 608 $aPeriodicals.$2fast 608 $aPeriodicals.$2lcgft 608 $aRevistes electròniques.$2thub 615 0$aFeminist jurisprudence 615 0$aWomen$xLegal status, laws, etc. 615 0$aSex and law 615 0$aFeminism 615 6$aFe?minisme et droit 615 6$aFemmes$xDroit 615 6$aSexualite? et droit 615 6$aFe?minisme 615 7$aFeminism. 615 7$aFeminist jurisprudence. 615 7$aSex and law. 615 7$aWomen$xLegal status, laws, etc. 615 7$aFeminisme. 615 7$aDones. 615 7$aSituació legal. 676 $a346.0134 712 02$aKent Law School. 801 0$bF#A 801 1$bF#A 801 2$bOCLCQ 801 2$bOCL 801 2$bEYM 801 2$bGUA 801 2$bU9S 801 2$bMYG 801 2$bOCLCQ 801 2$bBUF 801 2$bOCLCF 801 2$bOCLCQ 801 2$bAU@ 801 2$bUKMGB 801 2$bVT2 801 2$bDLC 801 2$bNJT 801 2$bOCLCQ 801 2$bOCLCO 801 2$bQGK 801 2$bOCLCO 801 2$bTXQ 801 2$bOCLCQ 801 2$bIOY 801 2$bUUM 801 2$bOCLCL 801 2$bOCLCQ 801 2$bTMA 906 $aJOURNAL 912 $a9910142659803321 996 $aFeminist legal studies$92126377 997 $aUNINA